000 00900nam1a22002291i 4500
001 rc\2891682
005 20260408072945.0
035 _a(NLR Aleph) 007043957
090 _a6124742
_c6124742
100 _a20110725d1930 |||y0rusy50 ca
101 0 _arus
102 _aRU
105 _ay z |||||
200 1 _aБоевой устав военно-воздушных сил РККА
_eКн. 1-
_fСССР. Нар. ком. по воен. и мор. делам
210 _aМосква
_aЛенинград
_cГос. изд-во. Отд. воен. лит.
_d1930
_eЛенинград
_gЦентр. тип. Наркомвоенмора
215 _d16х10 см
500 0 0 _6z01710
_aВоенные уставы, наставления и т. п.
710 0 1 _aСССР
_3RU\NLR\AUTH\8810063225
_9628051
801 0 _aRU
_bNLR
_gpsbo
801 1 _aRU
_bELAR
_2rusmarc
852 _aNLR
_j30.15/245(1)
942 _cBOOK